| 000 | 01402nam0a22003011 4500 | ||
|---|---|---|---|
| 001 | rc\4688409 | ||
| 005 | 20260407140817.0 | ||
| 021 |
_aRU _b[- |
||
| 035 | _a(NLR Aleph) 008217798 | ||
| 090 |
_a8136889 _c8136889 |
||
| 100 | _a20130416d1960 |||y0rusy50 ca | ||
| 101 | 0 | _arus | |
| 102 | _aRU | ||
| 105 | _aa z ||||| | ||
| 200 | 1 |
_aПравила технической эксплуатации перегрузочных машин морских портов _eУтв. 30/IV 1957 г. _fМ-во мор. флота СССР |
|
| 210 |
_aМосква _cМор. транспорт _d1960 |
||
| 215 |
_a132 с., 2 л. табл. _cил. _d21 |
||
| 300 | _aНа 5-й с. авт.: разработки: канд. техн. наук Р.В. Скоморовский и доц. П.А. Самойлович | ||
| 606 |
_aПогрузочно-разгрузочные работы на морском транспорте _xМеханизация _2psbo |
||
| 606 |
_aПорты морские _xПерегрузочное оборудование _xЭксплуатация _2psbo |
||
| 702 | 1 |
_aСамойлович _bП.А. _4570 |
|
| 702 | 1 |
_aСкоморовский _bР.В. _4570 |
|
| 712 | 0 | 1 |
_aСССР _bМинистерство морского флота _3RU\NLR\AUTH\8810007915 _9513534 |
| 801 | 0 |
_aRU _bNLR _gpsbo |
|
| 801 | 1 |
_aRU _bELAR _2rusmarc |
|
| 852 |
_aNLR _j60-3/3675 |
||
| 942 | _cBOOK | ||
| 980 | _aNB | ||